Statistics for Men's Tennis Superlatives

Click here to take the quiz!

General Stats

  • This quiz has been taken 13,451 times
    (10,066 since last reset)
  • The average score is 11 of 19

Answer Stats

Hint#Answer% Correct
Most Grand Slams in the 2000s (decade)15Roger Federer
97%
Most French Open titles14Rafael Nadal
96%
Most weeks at #1402Novak Djokovic
93%
Only British player to win Wimbledon(2013, 2016)Andy Murray
83%
Husband/wife pair with the most combined
Grand Slam singles titles
30
Andre Agassi / Steffi Graf
75%
Most Grand Slams in the 1990s12Pete Sampras
72%
Most combined singles and doubles titles155John McEnroe
68%
Most Grand Slams in the 1970s8Björn Borg
66%
Most recent American to win a Grand Slam titleU.S. Open (2003)Andy Roddick
51%
Only black player to win Wimbledon(1975)Arthur Ashe
51%
Most Grand Slams in the 1980s7Mats Wilander / Ivan Lendl
46%
Most singles titles109Jimmy Connors
45%
Youngest player to reach #119 yrsCarlos Alcaraz
44%
Only player to win a calendar year Grand Slam(1969)Rod Laver
43%
Most aces hit in one match113John Isner
42%
Most fines in a single match$113,000Nick Kyrgios
39%
Tallest player to win a Grand Slam title6'6" (1.98 meters)
Juan Martin Del Potro /
Marin Čilić /
Daniil Medvedev
36%
Only player to win a Grand Slam as a wild cardWimbledon (2001)Goran Ivanišević
35%
Youngest to win a Grand Slam title17 yrsMichael Chang
32%

Score Distribution

Percentile by Number Answered

Percent of People with Each Score

Your Score History

You have not taken this quiz since the last reset